Invemar (Registro nro. 935)

Detalles MARC
000 -CABECERA
Campo de control 01296nam a2200373 a 4500
005 - FECHA Y HORA DE LA ULTIMA TRANSACCION
Campo de control 20200512145759.0
008 - ELEMENTOS DE LONGITUD FIJA—INFORMACION GENERAL
Campo de control 140224b1998 ck ||||| |||| 00| 0 spa d
040 ## - FUENTE DE CATALOGACIÓN
Agencia catalogadora original CO-BoIAVH
Agencia transcriptora CO-BoIAVH
041 ## - IDIOMA
Código de idioma para texto/pista de sonido o título separado Español
044 ## - PAÍS DE PUBLICACIÓN
País de publicación Colombia
090 ## - CLASIFICACIÓN LOCAL
Colección LB
Consecutivo 00923
110 ## - ASIENTO PRINCIPAL--NOMBRE CORPORATIVO
Unidad subordinad Instituto de Investigaciones Marinas y Costeras "José Benito Vives de Andreis"
245 ## - MENCION DE TITULO
Título Invemar
Parte restante del título Informe de actividades
260 ## - PUBLICACION, DISTRIBUCION, ETC. (PIE DE IMPRENTA)
Lugar de publicación, distribución, etc. Santa Marta
Nombre del editor, distribuidor, etc. INVEMAR
Fecha de publicación, distribución, etc. 1998
300 ## - DESCRIPCION FISICA
Extensión 6 vol.
505 ## - NOTA DE CONTENIDO
Nota de contenido Vol. 1: Invemar: hacia un desarrollo sostenible de nuestros mares
505 ## - NOTA DE CONTENIDO
Nota de contenido Vol. 2: Informe de actividades, 1997
505 ## - NOTA DE CONTENIDO
Nota de contenido Vol. 3: Informe de actividades, 1998
505 ## - NOTA DE CONTENIDO
Nota de contenido Vol. 4: Informe de actividades, 1999
505 ## - NOTA DE CONTENIDO
Nota de contenido Vol. 5: Informe de Actividades, 2001
505 ## - NOTA DE CONTENIDO
Nota de contenido Vol. 6: Informe de actividades, 2002
505 ## - NOTA DE CONTENIDO
Nota de contenido Vol. 8: Informe de actividades, 2008
650 ## - ASIENTO SECUNDARIO DE MATERIA - TERMINO TEMATICO
Término temático o nombre geográfico como elemento de entrada INVEMAR
650 ## - ASIENTO SECUNDARIO DE MATERIA - TERMINO TEMATICO
Término temático o nombre geográfico como elemento de entrada Desarrollo sostenible
650 ## - ASIENTO SECUNDARIO DE MATERIA - TERMINO TEMATICO
Término temático o nombre geográfico como elemento de entrada Océanos
650 ## - ASIENTO SECUNDARIO DE MATERIA - TERMINO TEMATICO
Término temático o nombre geográfico como elemento de entrada Investigación científica
650 ## - ASIENTO SECUNDARIO DE MATERIA - TERMINO TEMATICO
Término temático o nombre geográfico como elemento de entrada Ecosistemas marinos
650 ## - ASIENTO SECUNDARIO DE MATERIA - TERMINO TEMATICO
Término temático o nombre geográfico como elemento de entrada Biodiversidad
650 ## - ASIENTO SECUNDARIO DE MATERIA - TERMINO TEMATICO
Término temático o nombre geográfico como elemento de entrada Uso de biodiversidad
650 ## - ASIENTO SECUNDARIO DE MATERIA - TERMINO TEMATICO
Término temático o nombre geográfico como elemento de entrada Manejo sostenible
650 ## - ASIENTO SECUNDARIO DE MATERIA - TERMINO TEMATICO
Término temático o nombre geográfico como elemento de entrada Recursos marinos
650 ## - ASIENTO SECUNDARIO DE MATERIA - TERMINO TEMATICO
Término temático o nombre geográfico como elemento de entrada Ecosistemas costeros
942 ## - ELEMENTOS ADICIONALES (KOHA)
Tipo de ítem Periodica o revista
Sistema de clasificación Local
Existencias
Withdrawn status Lost status Sistema de Clasificación Damaged status No para préstamo Colección Ubicación Permanente Ubicación actual Fecha de adquisición Total Checkouts Número topográfico Inventario / Código de Barras Date last seen Ejemplar Price effective from Tipo de material Fuente de Valor
    Local     General Villa de Leyva Villa de Leyva 13/01/1999   LB-00923 001295 04/12/2012 V.2 Ej.1 04/12/2012 Periodica o revista  
    Local     General Villa de Leyva Villa de Leyva 13/01/1999   LB-00923 001296 04/12/2012 V.2 Ej.2 04/12/2012 Periodica o revista  
    Local     General Villa de Leyva Villa de Leyva 13/01/1999   LB-00923 001297 04/12/2012 V.2 Ej.3 04/12/2012 Periodica o revista  
    Local     General Villa de Leyva Villa de Leyva 13/01/1999   LB-00923 001298 04/12/2012 V.3 Ej.1 04/12/2012 Periodica o revista  
    Local     General Villa de Leyva Villa de Leyva 13/01/1999   LB-00923 001299 04/12/2012 V.4 Ej.1 04/12/2012 Periodica o revista  
    Local     General Villa de Leyva Villa de Leyva 01/03/2004   LB-00923 015283 04/12/2012 V.6 Ej.1 04/12/2012 Periodica o revista  
    Local     General Villa de Leyva Villa de Leyva 01/03/2004   LB-00923 015488 04/12/2012 V.6 Ej.2 04/12/2012 Periodica o revista  
    Local     General Villa de Leyva Villa de Leyva 05/03/2004   LB-00923 015489 04/12/2012 V.5 Ej.2 04/12/2012 Periodica o revista INVEMAR
    Local     General Villa de Leyva Villa de Leyva 23/10/2006   LB-00923 023500 04/12/2012 V.6 Ej.3 04/12/2012 Periodica o revista INVEMAR
    Local     General Villa de Leyva Villa de Leyva 23/10/2006   LB-00923 023501 04/12/2012 V.7 Ej.1 04/12/2012 Periodica o revista INVEMAR
    Local     General Villa de Leyva Villa de Leyva 01/02/2010   LB-00923 027862 04/12/2012 V.7 Ej.1 04/12/2012 Periodica o revista INVEMAR